<?xml version="1.0" encoding="UTF-8"?>
<record
    xmlns:xsi="http://www.w3.org/2001/XMLSchema-instance"
    xsi:schemaLocation="http://www.loc.gov/MARC21/slim http://www.loc.gov/standards/marcxml/schema/MARC21slim.xsd"
    xmlns="http://www.loc.gov/MARC21/slim">

  <leader>00798aaa a2200229 a 4500</leader>
  <controlfield tag="001">78459</controlfield>
  <controlfield tag="003">BD-RjUL</controlfield>
  <controlfield tag="005">20211209083130.0</controlfield>
  <controlfield tag="008">210923s1375    ir ||||| |||| 00| 0 per d</controlfield>
  <datafield tag="035" ind1=" " ind2=" ">
    <subfield code="a">(BD-RjUL)78685</subfield>
  </datafield>
  <datafield tag="040" ind1=" " ind2=" ">
    <subfield code="a">BD-RjUL</subfield>
    <subfield code="b">eng</subfield>
    <subfield code="c">BD-RjUL</subfield>
  </datafield>
  <datafield tag="041" ind1=" " ind2=" ">
    <subfield code="a">per</subfield>
  </datafield>
  <datafield tag="082" ind1=" " ind2=" ">
    <subfield code="2">23</subfield>
    <subfield code="a">016.955</subfield>
    <subfield code="b">MAF 1375</subfield>
  </datafield>
  <datafield tag="100" ind1="1" ind2=" ">
    <subfield code="a">&#x645;&#x646;&#x632;&#x648;&#x649;, &#x627;&#x62D;&#x645;&#x62F; ;; Manzwy, Ahmed </subfield>
    <subfield code="9">248423</subfield>
  </datafield>
  <datafield tag="245" ind1="1" ind2="0">
    <subfield code="a">&#x641;&#x647;&#x631;&#x633;&#x62A;&#x648;&#x627;&#x631;&#x647; &#x643;&#x62A;&#x627;&#x628;&#x647;&#x627;&#x649; &#x641;&#x627;&#x631;&#x633;&#x649; /</subfield>
    <subfield code="c">&#x627;&#x62D;&#x645;&#x62F; &#x645;&#x646;&#x632;&#x648;&#x649; ;;Ahmed Manzawy </subfield>
  </datafield>
  <datafield tag="260" ind1=" " ind2=" ">
    <subfield code="a">Tihran :</subfield>
    <subfield code="b">&#x627;&#x646;&#x62C;&#x645;&#x646; &#x622;&#x62B;&#x627;&#x631; &#x648;&#x645;&#x641;&#x627;&#x62E;&#x631; &#x641;&#x631;&#x647;&#x646;&#x6AF;&#x6CC; ,</subfield>
    <subfield code="c">1375</subfield>
  </datafield>
  <datafield tag="300" ind1=" " ind2=" ">
    <subfield code="a"> v. [1517 p] . ; </subfield>
    <subfield code="c">23 cm</subfield>
  </datafield>
  <datafield tag="490" ind1=" " ind2=" ">
    <subfield code="a">&#x633;&#x644;&#x633;&#x644;&#x647; &#x627;&#x646;&#x62A;&#x634;&#x627;&#x631;&#x627;&#x62A; &#x627;&#x646;&#x62C;&#x645;&#x646; &#x622;&#x62B;&#x627;&#x631; &#x648; &#x645;&#x641;&#x627;&#x62E;&#x631; &#x641;&#x631;&#x647;&#x646;&#x6AF;&#x64A;  </subfield>
    <subfield code="v">&#x634;&#x645;&#x627;&#x631;&#x647;  ; &#x661;&#x662;&#x667;</subfield>
  </datafield>
  <datafield tag="505" ind1=" " ind2=" ">
    <subfield code="a">Vol. 1 .--</subfield>
  </datafield>
  <datafield tag="650" ind1=" " ind2=" ">
    <subfield code="a">Iran</subfield>
    <subfield code="v">History</subfield>
    <subfield code="y">endex</subfield>
    <subfield code="9">248424</subfield>
  </datafield>
  <datafield tag="942" ind1=" " ind2=" ">
    <subfield code="2">ddc</subfield>
    <subfield code="c">BK</subfield>
  </datafield>
  <datafield tag="999" ind1=" " ind2=" ">
    <subfield code="c">78459</subfield>
    <subfield code="d">78459</subfield>
  </datafield>
  <datafield tag="952" ind1=" " ind2=" ">
    <subfield code="0">0</subfield>
    <subfield code="1">0</subfield>
    <subfield code="2">ddc</subfield>
    <subfield code="4">0</subfield>
    <subfield code="7">1</subfield>
    <subfield code="8">NFIC</subfield>
    <subfield code="a">RUCL</subfield>
    <subfield code="b">RUCL</subfield>
    <subfield code="c">Reading</subfield>
    <subfield code="d">2007-08-13</subfield>
    <subfield code="e">Iran Embassy, Dhaka</subfield>
    <subfield code="l">0</subfield>
    <subfield code="o">F 016.955 MAF V-2  1375</subfield>
    <subfield code="r">2021-09-23 00:00:00</subfield>
    <subfield code="t">C-1</subfield>
    <subfield code="w">2021-09-23</subfield>
    <subfield code="y">BK</subfield>
  </datafield>
</record>
